[Event "Mecklenburg VP-chC"]
[Site "Greifswald"]
[Date "2024.03.24"]
[Round "3"]
[White "Khanbekyan, Aram"]
[Black "Briese, Paul"]
[Result "0-1"]
[WhiteElo "1594"]
[BlackElo "1624"]
[PlyCount "92"]
[EventDate "2024.03.23"]
[EventType "swiss"]
[EventRounds "7"]
[EventCountry "GER"]
[SourceTitle "CB14_2024"]
[SourceDate "2024.04.01"]
[SourceVersion "1"]
[SourceVersionDate "2024.04.01"]
[SourceQuality "1"]

1. e4 e5 2. Nf3 Nc6 3. Bc4 Bc5 4. b4 Bxb4 5. c3 Bc5 6. d4 exd4 7. cxd4 Bb4+ 8. Kf1 Qe7 9. Qb3 Na5 10. Qd3 Nxc4 11. Qxc4 a5 12. Qxc7 Qxe4 13. Qe5+ Qxe5 14. Nxe5 Nf6 15. Ba3 Nd5 16. Bxb4 Nxb4 17. Nc3 d6 18. Nc4 Ra6 19. Nb5 Kd7 20. Ncxd6 Rxd6 21. Nxd6 Kxd6 22. Ke2 Re8+ 23. Kf3 h5 24. Rhe1 Rxe1 25. Rxe1 Nc2 26. Rc1 Nxd4+ 27. Ke4 Nc6 28. Rd1+ Kc7 29. Rd5 g6 30. Kf4 Be6 31. Rd2 b5 32. a3 b4 33. axb4 axb4 34. Rb2 b3 35. Ke3 Kb6 36. Kd3 Kb5 37. f3 Ka4 38. Kc3 Na7 39. Rb1 Nb5+ 40. Kb2 Kb4 41. Re1 Nd6 42. Re2 Nc4+ 43. Ka1 Ka3 44. Rxe6 fxe6 45. g4 Nd2 46. gxh5 b2# 0-1

[Event "Mecklenburg VP-chC"]
[Site "Greifswald"]
[Date "2024.03.23"]
[Round "2"]
[White "Horn, Svenja Henrike"]
[Black "Khanbekyan, Aram"]
[Result "0-1"]
[WhiteElo "1571"]
[BlackElo "1594"]
[PlyCount "52"]
[EventDate "2024.03.23"]
[EventType "swiss"]
[EventRounds "7"]
[EventCountry "GER"]
[SourceTitle "CB14_2024"]
[SourceDate "2024.04.01"]
[SourceVersion "1"]
[SourceVersionDate "2024.04.01"]
[SourceQuality "1"]

1. d4 Nf6 2. c4 e6 3. Nf3 b6 4. Bg5 Bb7 5. e3 h6 6. Bh4 g5 7. Bg3 Bb4+ 8. Nbd2 d6 9. a3 Bxd2+ 10. Qxd2 Nbd7 11. h3 Ne4 12. Qc2 Nxg3 13. fxg3 0-0 14. g4 c5 15. h4 gxh4 16. Nxh4 Qg5 17. Qe2 cxd4 18. exd4 Rac8 19. Qd2 Qxd2+ 20. Kxd2 Nf6 21. Nf3 Nxg4 22. Be2 Kg7 23. Rh4 Nf6 24. Rah1 Rh8 25. Ne1 Ne4+ 26. Kd1 Nf2+ 0-1